000 00411nam a2200169Ia 4500
008 230917s9999||||xx |||||||||||||| ||und||
020 _cRS1295
040 _e258080
_aMAIN
041 _aEnglish
082 _aB G151A:G
100 _aArnold, David
245 0 _aGandhi
260 _aOxon
_bRoutledge
_c2019
300 _ax, 266 p.
500 _a3647 01/10/2019 RK19/1917 10/10/2019 Main Budget
942 _cBK
999 _c33027
_d33027